Egéries des marques - Statistiques

Statistiques générales
  • Ce quiz a été pris 33 fois
  • Le résultat moyen est 3 sur 11
Statistiques - réponses
Hint Réponse % Correct
Natalie Portman Dior
72%
Eva Longoria L'Oréal
47%
Serena Williams Nike
38%
Novak Djokovic Lacoste
34%
Gigi Hadid Versace
25%
Zoë Kravitz Yves Saint Laurent
25%
Adriana Lima Victoria's Secret
9%
Monica Bellucci Dolce & Gabbana
0%
Naomi Campbell H&M
0%
Gal Gadot Revlon
0%
Lupita Nyong'o Tiffany & Co.
0%
Aucun quiz correspondant
Distribution des résultats
% des personnes avec chaque résultat
Percentile par nombre de réponses
Votre historique - résultats
Vous n’avez pas pris ce quiz